Vincitori Coppa di Germania - Statistics

Statistiche generali
  • Questo quiz è stato fatto 145 volte
    114 dall'ultimo reset
  • Il punteggio medio è 62 su 82
Statistiche sulle risposte
Edizione Vincitori % Corretto
1957 Bayern Monaco
100%
1965-1966 Bayern Monaco
100%
1966-1967 Bayern Monaco
100%
1968-1969 Bayern Monaco
100%
1970-1971 Bayern Monaco
100%
1981-1982 Bayern Monaco
100%
1983-1984 Bayern Monaco
100%
1985-1986 Bayern Monaco
100%
1997-1998 Bayern Monaco
100%
1999-2000 Bayern Monaco
100%
2002-2003 Bayern Monaco
100%
2004-2005 Bayern Monaco
100%
2005-2006 Bayern Monaco
100%
2007-2008 Bayern Monaco
100%
2009-2010 Bayern Monaco
100%
2012-2013 Bayern Monaco
100%
2013-2014 Bayern Monaco
100%
2015-2016 Bayern Monaco
100%
2018-2019 Bayern Monaco
100%
2019-2020 Bayern Monaco
100%
1964-1965 Borussia Dortmund
96%
1988-1989 Borussia Dortmund
96%
2011-2012 Borussia Dortmund
96%
2016-2017 Borussia Dortmund
96%
2020-2021 Borussia Dortmund
96%
2023-2024 Bayer Leverkusen
93%
2021-2022 Red Bull Lipsia
90%
2022-2023 Red Bull Lipsia
90%
1962-1963 Amburgo
87%
1975-1976 Amburgo
87%
1986-1987 Amburgo
87%
1953-1954 Stoccarda
83%
1957-1958 Stoccarda
83%
1996-1997 Stoccarda
83%
1960-1961 Werder Brema
83%
1990-1991 Werder Brema
83%
1998-1999 Werder Brema
83%
2003-2004 Werder Brema
83%
2024-2025 Stoccarda
82%
1967-1968 Colonia
80%
1976-1977 Colonia
80%
1977-1978 Colonia
80%
1982-1983 Colonia
80%
1993-1994 Werder Brema
78%
2008-2009 Werder Brema
78%
1937 Schalke 04
77%
1971-1972 Schalke 04
77%
2014-2015 Wolfsburg
73%
1959-1960 Borussia Mönchengladbach
71%
1972-1973 Borussia Mönchengladbach
71%
1994-1995 Borussia Mönchengladbach
71%
1973-1974 Eintracht Francoforte
70%
1974-1975 Eintracht Francoforte
70%
1980-1981 Eintracht Francoforte
70%
1987-1988 Eintracht Francoforte
70%
2017-2018 Eintracht Francoforte
70%
1992-1993 Bayer Leverkusen
66%
1935 Norimberga
66%
1939 Norimberga
66%
1961-1962 Norimberga
66%
2006-2007 Norimberga
66%
1989-1990 Kaiserslautern
63%
1995-1996 Kaiserslautern
63%
1978-1979 Fortuna Düsseldorf
61%
1979-1980 Fortuna Düsseldorf
61%
1942 Monaco 1860
53%
1963-1964 Monaco 1860
53%
2000-2001 Schalke 04
48%
2001-2002 Schalke 04
48%
1991-1992 Hannover 96
45%
1938 Rapid Vienna
45%
1954-1955 Karlsruhe
43%
1955-1956 Karlsruhe
43%
1984-1985 Bayer Uerdingen
42%
1940 Dresdner SC
41%
1941 Dresdner SC
41%
2010-2011 Schalke 04
40%
1936 VfB Lipsia
40%
1943 First Vienna
35%
1952-1953 Rot-Weiss Essen
35%
1958-1959 Schwarz-Weiß Essen
34%
1969-1970 Kickers Offenbach
31%
Nessun quiz corrispondente trovato
Distribuzione punteggi
Percentuale di utenti per punteggio
Percentile per numero di risposta
I tuoi punteggi nel tempo
Non hai fatto questo quiz dall'ultimo reset